Homeless children: problems and needs

Gespeichert in:  
Bibliographische Detailangaben
Beteiligte: Vostanis, Panos (Herausgegeben von) ; Cumella, Stuart (BeteiligteR)
Medienart: Druck Buch
Sprache:Englisch
Veröffentlicht: London [u.a.] Kingsley 1999
In:Jahr: 1999
Online-Zugang: Inhaltsverzeichnis
Bestand in Tübingen:In Tübingen vorhanden.
UB: KB 8 E 8198
Verfügbarkeit prüfen: HBZ Gateway
Subito Bestelldienst: Jetzt bestellen.
Schlagwörter:

MARC

LEADER 00000cam a2200000 c 4500
001 249994844
003 DE-627
005 20251222211042.0
007 tu
008 981009s1999 xxk||||| 00| ||eng c
016 7 |a 185302595x  |2 UK 
020 |a 185302595x  |9 1-85302-595-x 
035 |a (DE-627)249994844 
035 |a (DE-576)08140669X 
035 |a (DE-599)GBV249994844 
035 |a (OCoLC)833451544 
035 |a (OCoLC)833451544 
035 |a (DE-604)8131493736 
040 |a DE-627  |b ger  |c DE-627  |e rakwb 
041 |a eng 
044 |c XA-GB  |c XD-US 
050 0 |a HV4493 
082 0 |a 362.70941 
082 0 |a 362.7086910941 
245 0 0 |a Homeless children  |b problems and needs  |c ed. by Panos Vostanis and Stuart Cumella 
263 |a pbk ; : £15.95 : CIP entry (Jan.) 
264 1 |a London [u.a.]  |b Kingsley  |c 1999 
300 |a 202 S  |b graph. Darst  |c 24 cm. 
336 |a Text  |b txt  |2 rdacontent 
337 |a ohne Hilfsmittel zu benutzen  |b n  |2 rdamedia 
338 |a Band  |b nc  |2 rdacarrier 
500 |a Includes bibliographical references and index 
583 1 |a Archivierung prüfen  |c 20200919  |f DE-640  |z 1  |2 pdager 
650 0 |a Homeless children 
650 0 |a Homeless children  |z Great Britain 
650 0 |a Homeless children  |x Services for  |z Great Britain 
650 4 |a Homeless children  |x Great Britain 
655 7 |a Aufsatzsammlung  |0 (DE-588)4143413-4  |0 (DE-627)105605727  |0 (DE-576)209726091  |2 gnd-content 
689 0 0 |d s  |0 (DE-588)4030550-8  |0 (DE-627)104360100  |0 (DE-576)208988165  |a Kind  |2 gnd 
689 0 1 |d s  |0 (DE-588)4042870-9  |0 (DE-627)106212338  |0 (DE-576)209052848  |a Obdachlosigkeit  |2 gnd 
689 0 |5 (DE-627) 
700 1 |a Vostanis, Panos  |e Hrsg.  |4 edt 
700 1 |a Cumella, Stuart  |4 oth 
856 4 2 |u http://www.gbv.de/dms/hbz/toc/ht009326611.pdf  |m V:DE-605  |q pdf/application  |v 2008-11-15  |x Verlag  |y Inhaltsverzeichnis  |3 Inhaltsverzeichnis  |7 1 
935 |i Blocktest 
951 |a BO 
ELC |b 1 
LOK |0 000 xxxxxcx a22 zn 4500 
LOK |0 001 3123173909 
LOK |0 003 DE-627 
LOK |0 004 249994844 
LOK |0 005 19991103000000 
LOK |0 008 991103||||||||||||||||ger||||||| 
LOK |0 040   |a DE-21  |c DE-627  |d DE-21 
LOK |0 852   |a DE-21 
LOK |0 852 1  |c KB 8 E 8198  |9 00 
LOK |0 935   |a krim 
LOK |0 936ln  |a k9.3.1 
LOK |0 939   |a 03-11-99  |b l01 
ORI |a SA-MARC-krimdoka001.raw 
SIG |a UB: KB 8 E 8198